000 00217nam a22000977a 4500
008 230620b xxu||||| |||| 00| 0 eng d
082 _a320
_bMOH
245 _aTHE HOUSE OF PARLIAMENTS
300 _a120P
942 _2ddc
_cBK
999 _c1501
_d1501